Polski Quiz - Statystyki

Ogólne statystyki
  • Ten quiz został rozwiązany 4 razy
  • Średni wynik to 5 z 8
Statystyki odpowiedzi
Pytanie Polska Tujhe % Poprawnych
Który Sudan Południowy był niepodległym krajem w ciągu roku? 2011
100%
Jaki Sudan Południowy uzyskał niepodległość dla Sudanu? dwa tysiące jedenaście
100%
Są po ścieżce, gdy Polska jest na chwilę, a co, gdy po prostu robimy? Lub
67%
Są po ścieżce, gdy Polska jest na chwilę, a co, gdy po prostu robimy? Wschodni
67%
Są po ścieżce, gdy Polska jest na chwilę, a co, gdy po prostu robimy? Zachodniw {Europie}
67%
Jaki Związek Radziecki upadł? 25 grudnia 1991
33%
Którego brakuje? „lub” D „z” M
33%
Kongo jest w Afryce, miał podobne, pokaż to: Demokratyczna Republika Konga Republika Konga Prawda, kiedy "Demokratyczny" nie ma tu przez jakiś czas, który miał podobne ______? Nazywa
33%
Nie znaleziono quizów pasujących do podanych kryteriów
Rozkład punktacji
Procent ludzi z każdym wynikiem
Percentyl według liczby udzielonych odpowiedzi
Twoja historia wyników
Nie rozwiązałeś tego quizu